000 00294nam a22001337a 4500
008 181017b xxu||||| |||| 00| 0 eng d
020 _a0824036950
041 _aeng
080 _a573
100 _a11
101 _aBIO
245 _aMolecular Biology The Cell
_cBruce.A
942 _2udc
_cBK
999 _c50081
_d50081